000 00627nam a2200205Ia 4500
001 13168
003 GE_BSU
008 181216s||||||||xx |||||||||||||| ||und||
040 _cGE_BSU
080 _a631.8
100 _aПрянишников,Д.Н.
245 _aИзбранные сочинения в трех томах. Т.III
245 _cОтв.ред.Н.А.Максимов.Сост. тома В.М.Клечковский
260 _aМосква
260 _bИзд-во АНСССР
260 _c1952
300 _a634стр.илл.27см.
653 _aИзбранные сочинения
942 _cBK
999 _c46332
_d46332